zpět

Detail výsledku týmu

Bartolomějka, Kolín

Datum a čas kvízu

30 Celkem bodů Celkový počet nahraných bodů na tomto kvízu bez doplňovacích otázek.
7. Pořadí na kvízu Konečné umístění týmu na tomto kvízu.

Zaznamenané odpovědi

# Otázka Odpověď Body Výsledky
1. Minulý týden se konala velmi k... zadek 0
2. Minulé pondělí byly oznámeny k... Moldavsko (Moldávie) 1
3. Minulé pondělí bylo oznámeno p... Simpsonovi ve filmu 1
4. Minulý týden jsme se dozvěděli... Allwyn 0
5. Ve kterém městě se odehrál UFC... v Las Vegas 1
6. Wikipedii s nejvyšší pravděpod... z havajštiny 0
7. Fanoušci kvízu občas jistě se... D 1
8. Dobrým zdrojem informací jsou... Jsi chytřejší než páťák? 0
9. Mnemotechnické pomůcky se hodí... struny na kytaře (pořadí strun/tónů) 1
10. Někdy však k úspěchu v kvízu s... 1D 2B 3A 4C 1